Hukukun Temel Kavramları - 1 - Statistics

General Stats
  • This quiz has been taken 305 times
  • The average score is 6 of 13
Answer Stats
Question Answer % Correct
Aşağıda verilen normlardan hangisi, yazılı hukuk normlarından değildir ? Doktrin
75%
Aşağıda verilen yazılı hukuk normlarından hangisi, normlar hiyerarşisinde diğerlerinden daha üsttedir ? Kanun
58%
Türk Hukuk Sistemi'ne göre, kişinin bir kurala uymaması nedeniyle karşılaştığı tepkiye verilen ad aşağıdakilerden hangisidir ? Müeyyide
51%
A kişisi ile B kişisi arasında yapılan sözleşmede taraflar gecikme faiz oranını belirlemediği için, kanunun öngördüğü yasal faiz üzerinden gecikme faizi belirlenmiştir.

Yukarıdaki olayda uygulanan kural, aşağıda verilen hukuk kuralı türlerinden hangisidir ?
Tamamlayıcı Hukuk Kuralları
49%
Aşağıdaki kavramlardan hangisi, kişinin başka kişilere ve topluma karşı ödev ve sorumluluklarını ifade eden kavramdır ? Objektif Ahlak Kuralları
45%
Aşağıda verilen tanımlardan hangisi, İdeal Hukuk'un tanımıdır ? Var olanı değil, olması gerekeni düzenleyen hukuk kurallarıdır.
45%
Aşağıda verilenlerden hangisi, yargılama sırasında hakimin uymak zorunda olduğu normlardan biri değildir ? Bilimsel İçtihatlar
43%
Aşağıda verilenlerden hangisi, hukuk kurallarının özellikleri ile ilgili doğru bir bilgi değildir ? Hukuk kuralları somuttur.
42%
Türk Hukuk Sistemi'ne göre, kişiye yetki veren veya kişiyi bir davranışı yapmakta serbest bırakan kurallara verilen ad hangisidir ? Yetki Verici Hukuk Kuralları
42%
Sosyal yaşamı düzenleyen yazılı ve yazısız hukuk kurallarının tümüne ne ad verilir ? Pozitif Hukuk
40%
Aşağıda verilen normlardan hangisi, tarihi hukuk kuralı olarak kabul edilebilir ? 1961 Anayasası
38%
I. Kanun
II. Yönetmelik
III. Cumhurbaşkanlığı Kararnamesi
IV. Milletlerarası Sözleşme

1982 Anayasası'na göre, yukarıda verilen normlardan hangileri, normlar hiyerarşisinde eşdeğer kabul edilir ?
I ve IV
32%
Kişinin uymak zorunda olduğu, devlet gücü ile desteklenmiş, yazılı hukuk kurallarına ne ad verilir ? Mevzu Hukuk
28%
No matching quizzes found
Score Distribution
Percent of People with Each Score
Percentile by Number Answered
Your Score History
You have not taken this quiz